[Event "SVK-chT4 A22 1819"]
[Site "Slovakia"]
[Date "2019.02.17"]
[Round "9.6"]
[White "Petras, Stefan"]
[Black "Gyori, Zsofia"]
[Result "1-0"]
[WhiteElo "1722"]
[BlackElo "1277"]
[PlyCount "47"]
[EventDate "2018.10.14"]
[EventType "team-tourn"]
[EventRounds "11"]
[EventCountry "SVK"]
[SourceTitle "EXT 2020"]
[Source "ChessBase"]
[SourceDate "2019.10.17"]
[SourceVersion "1"]
[SourceVersionDate "2019.10.17"]
[SourceQuality "1"]

1. e4 e5 2. Nf3 Nc6 3. Bc4 Nf6 4. Ng5 d5 5. exd5 Nxd5 6. Nxf7 Kxf7 7. Qf3+ Ke6 8. Nc3 Nce7 9. Qe4 c6 10. d4 Qc7 11. 0-0 a6 12. Bf4 Ng6 13. Bg3 Qa5 14. f4 Qb4 15. Bb3 Qa5 16. f5+ Kd7 17. fxg6 Nxc3 18. bxc3 hxg6 19. Bxe5 Qd8 20. Rf7+ Ke8 21. Bd6+ Qe7 22. Bxe7 Kd7 23. Bxf8+ Kd8 24. Qe7# 1-0

[Event "SVK-chT4 A22 1819"]
[Site "Slovakia"]
[Date "2018.11.11"]
[Round "3.4"]
[White "Petras, Stefan"]
[Black "Kovarikova, Maria"]
[Result "0-1"]
[WhiteElo "1758"]
[BlackElo "1765"]
[PlyCount "72"]
[EventDate "2018.10.14"]
[EventType "team-tourn"]
[EventRounds "11"]
[EventCountry "SVK"]
[SourceTitle "EXT 2020"]
[Source "ChessBase"]
[SourceDate "2019.10.17"]
[SourceVersion "1"]
[SourceVersionDate "2019.10.17"]
[SourceQuality "1"]

1. e4 e5 2. Nf3 Nc6 3. Bc4 Nf6 4. Ng5 d5 5. exd5 Na5 6. Bb5+ c6 7. dxc6 bxc6 8. Be2 h6 9. Nf3 e4 10. Ne5 Bc5 11. c3 Qe7 12. d4 exd3 13. Nxd3 Bb6 14. 0-0 0-0 15. Re1 Be6 16. Bf3 Rad8 17. Qe2 Qd6 18. Nb4 Bc4 19. Qd2 Qc5 20. Qc2 Rfe8 21. Rxe8+ Rxe8 22. g3 Re1+ 23. Kg2 Nd5 24. Nd3 Bxd3 25. Qxd3 Qxf2+ 26. Kh3 Rxc1 27. Bxd5 cxd5 28. b3 Qf1+ 29. Qxf1 Rxf1 30. Kg2 Rg1+ 31. Kh3 Nc6 32. a4 Ne5 33. b4 g5 34. a5 Bd8 35. g4 Nxg4 36. Ra2 Ne3 0-1

[Event "SVK-chT4 A22 1718"]
[Site "Slovakia"]
[Date "2018.02.25"]
[Round "10.3"]
[White "Kosar, Mikulas1111"]
[Black "Petras, Stefan"]
[Result "0-1"]
[WhiteElo "1615"]
[BlackElo "1729"]
[PlyCount "93"]
[EventDate "2017.10.01"]
[EventType "team-tourn"]
[EventRounds "11"]
[EventCountry "SVK"]
[SourceTitle "EXT 2020"]
[Source "ChessBase"]
[SourceDate "2019.10.17"]
[SourceVersion "1"]
[SourceVersionDate "2019.10.17"]
[SourceQuality "1"]

1. e4 c5 2. Bc4 e6 3. Nc3 Nc6 4. a3 Nf6 5. Nf3 a6 6. Ba2 Qc7 7. d3 b5 8. Bd2 Bb7 9. 0-0 Be7 10. Re1 h6 11. Ne2 Rd8 12. Bf4 Bd6 13. Bxd6 Qxd6 14. Ng3 Qc7 15. c3 d6 16. h3 0-0 17. Qc2 Ne7 18. Rad1 Ng6 19. Bb1 e5 20. Nf5 Rd7 21. b3 Rfd8 22. Qc1 Nf4 23. c4 Qb6 24. Qc2 Kf8 25. Kf1 Qa5 26. a4 bxa4 27. bxa4 Bc6 28. Qa2 Qxa4 29. Qd2 Qb4 30. Qa2 a5 31. Bc2 a4 32. Rb1 Qa5 33. Ra1 Ra7 34. Red1 Ne8 35. Nd2 Rda8 36. Qa3 Qd8 37. Nb1 Qg5 38. Ng3 h5 39. Nc3 h4 40. Nce2 hxg3 41. f3 Nxe2 42. Kxe2 Nc7 43. Ra2 Ne6 44. Bb1 Nd4+ 45. Kf1 Rb7 46. Rb2 Rab8 47. Rdd2 0-1

[Event "SVK-chT4 A22 1516"]
[Site "Slovakia"]
[Date "2016.02.07"]
[Round "8.1"]
[White "Csefalvay, Stefan"]
[Black "Petras, Stefan"]
[Result "0-1"]
[WhiteElo "1847"]
[BlackElo "1740"]
[PlyCount "110"]
[EventDate "2015.10.04"]
[EventType "team-tourn"]
[EventRounds "11"]
[EventCountry "SVK"]
[SourceTitle "EXT 2020"]
[Source "ChessBase"]
[SourceDate "2019.10.17"]
[SourceVersion "1"]
[SourceVersionDate "2019.10.17"]
[SourceQuality "1"]

1. Nf3 Nc6 2. c4 e5 3. Nc3 Nf6 4. d3 h6 5. g3 Bc5 6. Bg2 d6 7. 0-0 0-0 8. a3 a6 9. e3 Bg4 10. b4 Ba7 11. Qb3 Rb8 12. Nd2 Qd7 13. Bb2 Bf5 14. Nce4 Nxe4 15. Nxe4 b5 16. Rac1 bxc4 17. Qxc4 Rb6 18. Nf6+ gxf6 19. Bxc6 Qc8 20. d4 Be6 21. d5 Bh3 22. Rfd1 Qf5 23. Qh4 Kh7 24. Ba4 Kg7 25. Rxc7 Bb8 26. Rc4 a5 27. e4 Qg4 28. Qxg4+ Bxg4 29. Rdc1 axb4 30. Rxb4 Rxb4 31. axb4 Bf3 32. Rc4 f5 33. Bc2 fxe4 34. Bxe4 Be2 35. Rc2 Bb5 36. Kg2 Ba7 37. Rc7 Ra8 38. Rb7 Ba4 39. Bf3 Bd4 40. Bxd4 exd4 41. Be4 Re8 42. f3 Rxe4 43. Rc7 Re2+ 44. Kf1 Rb2 45. Ra7 Rxb4 46. Ke2 Bb5+ 47. Kd2 Rb2+ 48. Kc1 Rxh2 49. Rb7 Bc4 50. Rb4 Rh1+ 51. Kd2 Rh2+ 52. Kd1 Be2+ 53. Ke1 d3 54. Rd4 Rh1+ 55. Kf2 Rf1+ 0-1

[Event "SVK-chT4 A22 1516"]
[Site "Slovakia"]
[Date "2015.10.04"]
[Round "1.3"]
[White "Petras, Stefan"]
[Black "Bugar, Peter"]
[Result "1-0"]
[WhiteElo "1755"]
[BlackElo "1672"]
[PlyCount "75"]
[EventDate "2015.10.04"]
[EventType "team-tourn"]
[EventRounds "11"]
[EventCountry "SVK"]
[SourceTitle "EXT 2020"]
[Source "ChessBase"]
[SourceDate "2019.10.17"]
[SourceVersion "1"]
[SourceVersionDate "2019.10.17"]
[SourceQuality "1"]

1. e4 e6 2. d4 d5 3. Nc3 Nf6 4. Bd3 dxe4 5. Nxe4 Qxd4 6. Bb5+ Qd7 7. Bxd7+ Nbxd7 8. Nxf6+ Nxf6 9. c3 Bd7 10. Bf4 0-0-0 11. Nf3 Bc6 12. Qc2 Nd5 13. Be3 f6 14. 0-0-0 Be7 15. Rhg1 Nxe3 16. Rxd8+ Rxd8 17. fxe3 f5 18. Rd1 Rf8 19. Nd4 Be4 20. Qa4 Bc5 21. Qc4 Bb6 22. Qxe6+ Kb8 23. Qe7 Rc8 24. Qxg7 c5 25. Qe5+ Bc7 26. Qxc5 Bxh2 27. Qe7 Rc7 28. Qf8+ Rc8 29. Qh6 Bc7 30. Nf3 Bb6 31. Rd7 Re8 32. Nd4 Kc8 33. Rf7 Bxg2 34. Rxf5 Be4 35. Rf8 Rxf8 36. Qxf8+ Kd7 37. Qf7+ Kd8 38. Ne6+ 1-0

[Event "SVK-chT4 A22 1314"]
[Site "Slovakia"]
[Date "2014.02.23"]
[Round "9.6"]
[White "Petras, Stefan"]
[Black "Suchan, Jozef"]
[Result "1/2-1/2"]
[WhiteElo "1789"]
[BlackElo "1716"]
[PlyCount "59"]
[EventDate "2013.10.06"]
[EventType "team-tourn"]
[EventRounds "11"]
[EventCountry "SVK"]
[SourceTitle "EXT 2015"]
[Source "ChessBase"]
[SourceDate "2014.11.20"]
[SourceVersion "1"]
[SourceVersionDate "2014.11.20"]
[SourceQuality "1"]
[WhiteTeam "Dolna Krupa SK"]
[BlackTeam "Trnava Lokomotiva IV"]
[WhiteTeamCountry "SVK"]
[BlackTeamCountry "SVK"]

1. e4 e5 2. Nf3 Nc6 3. Bc4 Nf6 4. Ng5 d5 5. exd5 Na5 6. Bb5+ Bd7 7. Bxd7+ Qxd7 8. Nc3 Nxd5 9. Nxd5 Qxd5 10. 0-0 h6 11. Qf3 Qxf3 12. Nxf3 Nc6 13. c3 0-0-0 14. Re1 f6 15. b4 Bd6 16. Bb2 f5 17. d4 e4 18. Nd2 b5 19. f3 exf3 20. Nxf3 Rde8 21. a3 Kd7 22. Rad1 Rxe1+ 23. Rxe1 Re8 24. Rxe8 Kxe8 25. c4 Nd8 26. d5 Nf7 27. Bd4 a6 28. g3 Kd7 29. Kg2 c6 30. c5 1/2-1/2

[Event "SVK-chT4 A22 1314"]
[Site "Slovakia"]
[Date "2014.01.26"]
[Round "7.6"]
[White "Petras, Stefan"]
[Black "Bango, Lukas"]
[Result "1-0"]
[WhiteElo "1789"]
[BlackElo "1781"]
[PlyCount "95"]
[EventDate "2013.10.06"]
[EventType "team-tourn"]
[EventRounds "11"]
[EventCountry "SVK"]
[SourceTitle "EXT 2015"]
[Source "ChessBase"]
[SourceDate "2014.11.20"]
[SourceVersion "1"]
[SourceVersionDate "2014.11.20"]
[SourceQuality "1"]
[WhiteTeam "Dolna Krupa SK"]
[BlackTeam "Trnava Modranka II"]
[WhiteTeamCountry "SVK"]
[BlackTeamCountry "SVK"]

1. e4 c5 2. Nf3 d6 3. d4 cxd4 4. Nxd4 Nf6 5. Nc3 g6 6. Be3 Bg7 7. Be2 0-0 8. 0-0 Nc6 9. f4 a6 10. Nf3 Ng4 11. Qd2 b5 12. a3 Bb7 13. h3 Nxe3 14. Qxe3 Na5 15. Rab1 Nc4 16. Bxc4 bxc4 17. Ne2 Qc7 18. c3 Rfc8 19. Ng3 Qc5 20. Qxc5 Rxc5 21. Nd2 Rd8 22. f5 d5 23. fxg6 hxg6 24. exd5 Bxd5 25. Nde4 Rcc8 26. Rfe1 Be5 27. Nf1 Bf4 28. g3 Bh6 29. h4 Kg7 30. Nf2 e6 31. Ng4 g5 32. Nxh6 Kxh6 33. hxg5+ Kxg5 34. Kf2 Rh8 35. Ke3 Rcd8 36. Rbd1 f5 37. Nd2 Rh3 38. Rg1 f4+ 39. Ke2 Rh2+ 40. Ke1 f3 41. Nxf3+ Bxf3 42. Rxd8 Kf5 43. Rd2 Rh3 44. Rd4 e5 45. Rh4 Bg4 46. Rxh3 Bxh3 47. Kf2 Ke4 48. Rd1 1-0